000 00657nam a2200253Ia 4500
003 OSt
005 20221005132332.0
006 a|||||r|||| 00| 0
007 ta
008 221004b |||||||| |||| 00| 0 sat d
024 _a47466
037 _cTextual
040 _aCRL
_cCRL
_bsat
041 _2sat
_asat
082 _aO15,1G68,1, 31H9
100 _aIyengar Kesava Au.
_9640948
245 0 _aThirupathu gamalai
260 _c1949
300 _a161p.
_ccm.
650 _a SANSKRIT POETRY
_9155567
650 _aSANSKRIT LITERATURE
942 _hO15,1G68,1, 31H9
_cTEXL
_2cc
999 _c1063294
_d1063294